000 00287nam a22001337a 4500
008 170714b xxu||||| |||| 00| 0 eng d
020 _a9780966190892
041 _aeng
080 _a17
100 _a24
101 _aFIL
245 _aMORAL FOUNDATIONS
_cSKUTCH, A.F
942 _2udc
_cBK
999 _c20688
_d20688